| 000 | 00658nam a2200241Ia 4500 | ||
|---|---|---|---|
| 003 | OSt | ||
| 005 | 20220926014523.0 | ||
| 006 | a|||||r|||| 00| 0 | ||
| 007 | ta | ||
| 008 | 220923b |||||||| |||| 00| 0 eng d | ||
| 020 | _a0070535981 | ||
| 037 | _cGeneral Book | ||
| 040 |
_aRTL _cRTL _beng |
||
| 041 |
_2eng _aeng |
||
| 082 | _aX:513:(D65,48), M3 | ||
| 100 |
_aRoman Murray _9320779 |
||
| 245 | 0 | _aTelemarketing campaigns that work | |
| 260 |
_aNew York _bMcGraw-Hill _c1983 |
||
| 300 |
_axxviii,282p _ccm. |
||
| 650 | _aAdvertising | ||
| 942 |
_hX:513:(D65,48), M3 _cGB _2CC |
||
| 999 |
_c629282 _d629282 |
||